| 000 | 00787cam a2200205 a 4500 | ||
|---|---|---|---|
| 020 | _a9789715601450 | ||
| 040 | _cDLC | ||
| 082 | _a901 SOU 2008 A103 Or. | ||
| 245 | 0 | 0 |
_aChanging agrifood markets in Southeast Asia : _bimpacts on small-scale producers / |
| 260 |
_a[Los BaƱos, Laguna, Philippines] : _bSoutheast Regional Center for Graduate Study and Research in Agriculture (SEARCA) and University of the Philippines Research and Management Foundation (UPSTREAM), _cc2008. |
||
| 300 |
_axv, 356 p. : _bill. ; _c23 cm. |
||
| 650 | 0 | _aProduce trade | |
| 650 | 0 | _aFarm produce | |
| 650 | 0 | _aFarms, Small | |
| 700 | 1 | _aDigal, Larry. | |
| 700 | 1 | _aProctor, Felicity. | |
| 700 | 1 | _aVorley, William. | |
| 856 | 4 | 1 | _uhttp://www.loc.gov/catdir/toc/fy11pdf04/2010338164.html |
| 942 | _cEK | ||
| 999 |
_c14168 _d14168 |
||